| 000 | 00902nam0a2200289 4500 | ||
|---|---|---|---|
| 001 | RU\NLR\BIBL_A\011849497 | ||
| 005 | 20181112091954.0 | ||
| 010 |
_a978-5-907081-31-4 _9100 |
||
| 021 |
_aRU _bКН-П-18-073848 _9КН-П-18-5331 |
||
| 035 | _a(NLR Aleph) 011849497 | ||
| 035 | _a(RuMoRGB)009763177 | ||
| 090 |
_a12095057 _c12095057 |
||
| 100 | _a20181030d2018 u y0rusy50 ca | ||
| 101 | 0 | _arus | |
| 102 | _aRU | ||
| 105 | _aa|||z|||000ay | ||
| 200 | 1 |
_aСестры _e[роман] _fА. Дюдин |
|
| 210 |
_aМосква _cИД Академии Жуковского _d2018 |
||
| 215 |
_a414, [1] с. _cил. _d24 |
||
| 686 | 2 | _aШ6(2=Р)8-440.4 | |
| 700 | 1 |
_aДюдин _bА. И. _gАлександр Иванович |
|
| 942 | _cBOOK | ||
| 980 | _aNBR | ||
| 980 | _aNB | ||